| 000 | 00357nam a2200121Ia 4500 | ||
|---|---|---|---|
| 008 | 190802s9999 xx 000 0 und d | ||
| 020 | _a978-81-265-2192-0 | ||
| 100 | _aAndreas D.Baxevanis | ||
| 245 | 0 | _aBioinformatics a practical guide to the analysis of genes and proteins | |
| 260 |
_aNew Delhi _bWiley Blackwell _c2014 |
||
| 300 | _a430:P | ||
| 942 | _cBK | ||
| 999 |
_c2288 _d2288 |
||